Evénements du 24 novembre - Statistiques

Statistiques générales
  • Ce quiz a été pris 63 fois
  • Le résultat moyen est 8 sur 15
Statistiques - réponses
Hint Réponse % Correct
Mort de Fidel Castro, chef d'état cubain 2016
81%
Siège de Paris par les Vikings 885
77%
Assassinat de Lee Harvey Oswald, principal suspect dans la mort du président Kennedy 1963
74%
Naissance de Thierry Lhermitte, acteur 1952
72%
Mort de la chanteuse Barbara 1997
70%
Naissance d'Alain Chabat, humoriste 1958
65%
Naissance de Zachary Taylor, président des Etats-Unis 1784
53%
Découverte du squelette de Lucy 1974
49%
Benito Mussolini reçoit les pleins pouvoirs 1922
47%
Publication du livre De l'origine des espèces par Charles Darwin 1859
44%
Arrêté du préfet Poubelle sur l'enlèvement des ordures ménagères à Paris 1883
44%
Mort de Georges Clémenceau 1929
44%
Naissance du peintre Henri de Toulouse-Lautrec 1864
40%
Découverte de la Tasmanie 1642
35%
Effondrement du Mont-Granier, dans le massif de la Chartreuse, env. 2000 morts 1248
30%
Aucun quiz correspondant
Distribution des résultats
% des personnes avec chaque résultat
Percentile par nombre de réponses
Votre historique - résultats
Vous n’avez pas pris ce quiz